| 000 -LEADER | |
|---|---|
| fixed length control field | 00383nam a22001697a 4500 |
| 005 - DATE AND TIME OF LATEST TRANSACTION | |
| control field | 20220120124352.0 |
| 008 - FIXED-LENGTH DATA ELEMENTS--GENERAL INFORMATION | |
| fixed length control field | 220120b ||||| |||| 00| 0 eng d |
| 020 ## - INTERNATIONAL STANDARD BOOK NUMBER | |
| ISBN | 978-81-316-0055-9 |
| 041 ## - LANGUAGE CODE | |
| Language code of text/sound track or separate title | eng |
| 082 ## - DEWEY DECIMAL CLASSIFICATION NUMBER | |
| Classification number | 301 |
| 100 ## - MAIN ENTRY--AUTHOR NAME | |
| Personal name | RAWAT, H.K |
| 245 ## - TITLE STATEMENT | |
| Title | SOCIOLOGY |
| 260 ## - PUBLICATION, DISTRIBUTION, ETC. (IMPRINT) | |
| Place of publication | JAIPUR |
| Name of publisher | RAWAT PUBLICATION |
| Year of publication | 2007 |
| 300 ## - PHYSICAL DESCRIPTION | |
| Number of Pages | 356;p |
| 650 ## - SUBJECT ADDED ENTRY--TOPICAL TERM | |
| Topical Term | BPT |
| 942 ## - ADDED ENTRY ELEMENTS (KOHA) | |
| Koha item type | Books |
| Lost status | Damaged status | Collection code | Home library | Current library | Shelving location | Date acquired | Source of acquisition | Cost, normal purchase price | Full call number | Accession Number | Koha item type |
|---|---|---|---|---|---|---|---|---|---|---|---|
| Reference | JRU Library | JRU Library | Shelf - 24- E | 20/01/2022 | PURCHASE | 275.00 | 301 | 25908 | Books | ||
| PHYSIOTHERAPY | JRU Library | JRU Library | Shelf - 24- E | 20/01/2022 | PURCHASE | 275.00 | 301 | 25909 | Books | ||
| PHYSIOTHERAPY | JRU Library | JRU Library | Shelf - 24- E | 20/01/2022 | PURCHASE | 275.00 | 301 | 25910 | Books | ||
| PHYSIOTHERAPY | JRU Library | JRU Library | Shelf - 24- E | 20/01/2022 | PURCHASE | 275.00 | 301 | 25911 | Books | ||
| PHYSIOTHERAPY | JRU Library | JRU Library | Shelf - 25- E | 20/01/2022 | PURCHASE | 275.00 | 301 | 25912 | Books |